000 00305nam a2200121Ia 4500
008 231129s9999||||xx |||||||||||||| ||spa||
040 _bspa
082 _a850.914 M764g
100 _aMontanelli Indro
245 0 _aEl general de la Rovere ( y otros heroes)
264 _aPlaza y Janes
942 _2ddc
_cBKS
999 _c11135
_d11135